[Event "Skakligaen 2021-22"]
[Site "Denmark"]
[Date "2021.12.12"]
[Round "3.1"]
[White "Hillarp Persson, Tiger"]
[Black "Hector, Jonny"]
[Result "0-1"]
[WhiteElo "2521"]
[BlackElo "2443"]
[PlyCount "80"]
[EventDate "2021.10.30"]
[EventType "team-tourn"]
[EventRounds "9"]
[EventCountry "DEN"]
[SourceTitle "Turneringssystemet"]
[WhiteTeam "Bronshoj"]
[BlackTeam "Nordkalotten"]

1. c4 e5 2. g3 c6 3. Nf3 e4 4. Nd4 d5 5. cxd5 Qxd5 6. Nc2 Nf6 7. Nc3 Qe5 8. Bg2
Na6 9. O-O Be7 10. f4 Bc5+ 11. Kh1 Qe7 12. d4 exd3 13. Qxd3 Bg4 14. f5 Rd8 15.
Qc4 Nb4 16. Nxb4 Rd4 17. Nxc6 bxc6 18. Bxc6+ Kf8 19. Qa6 h5 20. Bg5 Kg8 21. Bg2
h4 22. gxh4 Qe5 23. e4 Nxe4 24. Nxe4 Rxe4 25. f6 Bd6 26. Qxd6 Qxd6 27. Bxe4 g6
28. Rf2 Kh7 29. Rd2 Qe5 30. Bg2 Rb8 31. h3 Rxb2 32. Rxb2 Qxb2 33. Rc1 Bf5 34.
Rc7 Qxa2 35. Be3 a5 36. Ra7 Be6 37. h5 Qa1+ 38. Bg1 Kh6 39. hxg6 Kxg6 40. Ra8
a4 0-1

[Event "Skakligaen 2021-22"]
[Site "Denmark"]
[Date "2021.12.12"]
[Round "3.2"]
[White "Brynell, Stellan"]
[Black "Aagaard, Jacob"]
[Result "0-1"]
[WhiteElo "2431"]
[BlackElo "2461"]
[PlyCount "124"]
[EventDate "2021.10.30"]
[EventType "team-tourn"]
[EventRounds "9"]
[EventCountry "DEN"]
[SourceTitle "Turneringssystemet"]
[WhiteTeam "Nordkalotten"]
[BlackTeam "Bronshoj"]

1. d4 Nf6 2. Nf3 g6 3. g3 Bg7 4. Bg2 O-O 5. O-O d6 6. c4 Nc6 7. Nc3 a6 8. h3
Rb8 9. e4 b5 10. e5 Nd7 11. e6 fxe6 12. d5 Na5 13. Ng5 Ne5 14. cxb5 axb5 15. f4
Nec4 16. dxe6 c6 17. Kh2 Qe8 18. Qe2 b4 19. Nd1 d5 20. Nf2 b3 21. Nd3 bxa2 22.
Rxa2 Nb3 23. Be3 h6 24. Nf3 Rf6 25. Ba7 Rb7 26. f5 Rxf5 27. Nh4 Rf6 28. Rxf6
exf6 29. Bf2 g5 30. Nf5 Qxe6 31. Qxe6+ Bxe6 32. Ra8+ Bf8 33. Nxh6+ Kg7 34. Ng4
Bd6 35. Ne3 Ne5 36. Nxe5 Bxe5 37. Nd1 Nd2 38. Ra6 Bd7 39. b4 Kf7 40. Bc5 Nb3
41. Bb6 Bd4 42. Bxd4 Nxd4 43. Ne3 Rxb4 44. Ra7 Ke8 45. h4 gxh4 46. gxh4 Nf5 47.
Bh3 Rxh4 48. Rxd7 Nxe3 49. Rd6 Kf7 50. Rxc6 Kg6 51. Kg3 Rd4 52. Rc8 Nf5+ 53.
Kf2 Rd2+ 54. Ke1 Rh2 55. Bf1 Ne3 56. Bd3+ Kg5 57. Ra8 Kf4 58. Be2 Nc2+ 59. Kd1
Ne3+ 60. Kd2 Nc4+ 61. Kd3 Nb2+ 62. Kd2 d4 0-1

[Event "Skakligaen 2021-22"]
[Site "Denmark"]
[Date "2021.12.12"]
[Round "3.3"]
[White "Bromann, Thorbjorn"]
[Black "Jepson, Christian"]
[Result "1/2-1/2"]
[WhiteElo "2374"]
[BlackElo "2402"]
[PlyCount "110"]
[EventDate "2021.10.30"]
[EventType "team-tourn"]
[EventRounds "9"]
[EventCountry "DEN"]
[SourceTitle "Turneringssystemet"]
[WhiteTeam "Bronshoj"]
[BlackTeam "Nordkalotten"]

1. e4 g6 2. d4 Bg7 3. Nc3 c6 4. Be3 d5 5. f3 Qb6 6. Qd2 Qxb2 7. Rb1 Qa3 8. exd5
Nf6 9. dxc6 bxc6 10. Bd3 Nbd7 11. Nge2 Nb6 12. Bh6 O-O 13. h4 Ba6 14. Bxg7 Kxg7
15. Rb3 Qa5 16. Bxa6 Qxa6 17. h5 Nc4 18. Qc1 gxh5 19. Ng3 Qa5 20. d5 Kh8 21.
Nxh5 Nxh5 22. Rxh5 Qc5 23. Ne2 Qd6 24. Qa1+ f6 25. Qd4 Nb6 26. Qe4 f5 27. Qd4+
Qf6 28. Rxf5 Qxd4 29. Nxd4 Rxf5 30. Nxf5 Nxd5 31. c4 Rf8 32. cxd5 Rxf5 33. dxc6
Rc5 34. Ra3 Rxc6 35. Rxa7 Rc2 36. Kf1 e5 37. a4 e4 38. f4 e3 39. g3 Rf2+ 40.
Ke1 Rg2 41. f5 Kg8 42. f6 Rf2 43. Rg7+ Kf8 44. Rxh7 Rxf6 45. Rh4 Rg6 46. Rf4+
Kg7 47. g4 Rg5 48. Ke2 Re5 49. Rf1 Re4 50. Ra1 Rxg4 51. a5 Kf7 52. a6 Rg8 53.
Kxe3 Ke6 54. Kd4 Kd6 55. a7 Ra8 1/2-1/2

[Event "Skakligaen 2021-22"]
[Site "Denmark"]
[Date "2021.12.12"]
[Round "3.4"]
[White "Kristensen, Kaare Hove"]
[Black "Hoi, Carsten"]
[Result "1/2-1/2"]
[WhiteElo "2345"]
[BlackElo "2348"]
[PlyCount "39"]
[EventDate "2021.10.30"]
[EventType "team-tourn"]
[EventRounds "9"]
[EventCountry "DEN"]
[SourceTitle "Turneringssystemet"]
[WhiteTeam "Nordkalotten"]
[BlackTeam "Bronshoj"]

1. c4 g6 2. d4 Bg7 3. Nc3 c5 4. e3 cxd4 5. exd4 d6 6. Nf3 Bg4 7. Be2 Nc6 8. O-O
Nh6 9. d5 Bxf3 10. Bxf3 Ne5 11. Be2 O-O 12. Bxh6 Bxh6 13. Qd4 Bg7 14. Qe3 Qa5
15. Ne4 Rac8 16. b4 Qxb4 17. Rab1 Qa5 18. Rxb7 Rc7 19. Rxc7 Qxc7 20. c5 1/2-1/2

[Event "Skakligaen 2021-22"]
[Site "Denmark"]
[Date "2021.12.12"]
[Round "3.5"]
[White "Aabling Thomsen, Jakob"]
[Black "Hove, Esben Kjems"]
[Result "1-0"]
[WhiteElo "2348"]
[BlackElo "2335"]
[PlyCount "113"]
[EventDate "2021.10.30"]
[EventType "team-tourn"]
[EventRounds "9"]
[EventCountry "DEN"]
[SourceTitle "Turneringssystemet"]
[WhiteTeam "Bronshoj"]
[BlackTeam "Nordkalotten"]

1. e4 c6 2. d3 d5 3. Qe2 dxe4 4. dxe4 e5 5. Nf3 Qc7 6. Nbd2 Nd7 7. g3 a5 8. Bg2
Ngf6 9. O-O Bc5 10. Nb3 Be7 11. Nh4 a4 12. Nf5 axb3 13. Nxg7+ Kd8 14. Qc4 Rg8
15. Qxf7 Rxg7 16. Qxg7 Rxa2 17. Bg5 Rxa1 18. Qh8+ Ne8 19. Bxe7+ Kxe7 20. Qxh7+
Kd8 21. Rxa1 bxc2 22. Qh6 Qd6 23. Qxd6 Nxd6 24. Rc1 Nc5 25. Rxc2 Ne6 26. h4 Ke7
27. Kh2 Nd4 28. Rc5 Nf7 29. Ra5 b5 30. Ra7+ Kf6 31. Rc7 Bg4 32. f4 Nd8 33. f5
Nf7 34. Rc8 Be2 35. Rg8 Ke7 36. Kh3 Nf3 37. Rg6 Ng1+ 38. Kh2 Nf3+ 39. Bxf3 Bxf3
40. Rxc6 Bxe4 41. Rc7+ Kf6 42. g4 Bd5 43. Rc5 Bc4 44. Rc6+ Kg7 45. Kg3 Bd3 46.
Kf3 Nh6 47. Ke3 Bb1 48. Rg6+ Kh7 49. Kf3 Bc2 50. Rd6 b4 51. Rd7+ Kg8 52. f6 b3
53. g5 Nf5 54. h5 e4+ 55. Kf4 e3 56. g6 e2 57. Rd8# 1-0

[Event "Skakligaen 2021-22"]
[Site "Denmark"]
[Date "2021.12.12"]
[Round "3.6"]
[White "Schmidt, Kristen"]
[Black "Palm, Nikolaj"]
[Result "1/2-1/2"]
[WhiteElo "2315"]
[BlackElo "2281"]
[PlyCount "65"]
[EventDate "2021.10.30"]
[EventType "team-tourn"]
[EventRounds "9"]
[EventCountry "DEN"]
[SourceTitle "Turneringssystemet"]
[WhiteTeam "Nordkalotten"]
[BlackTeam "Bronshoj"]

1. e4 e5 2. Nf3 Nc6 3. Bb5 a6 4. Ba4 Nf6 5. O-O Be7 6. Re1 b5 7. Bb3 d6 8. c3
O-O 9. h3 Na5 10. Bc2 c5 11. d4 Qc7 12. Nbd2 g6 13. Nf1 Nh5 14. Bh6 Re8 15. Ne3
Bb7 16. b4 cxd4 17. cxd4 Nc4 18. Rc1 d5 19. Nxd5 Bxd5 20. exd5 Bxb4 21. Rxe5
Nxe5 22. dxe5 Ba3 23. Rb1 Rxe5 24. Nxe5 Qxe5 25. Qd2 Bd6 26. g3 Re8 27. Rb3 Nf6
28. Re3 Qa1+ 29. Bd1 Rxe3 30. Bxe3 Ne4 31. Bd4 Nxd2 32. Bxa1 Kf8 33. Bc3
1/2-1/2

[Event "Skakligaen 2021-22"]
[Site "Denmark"]
[Date "2021.12.12"]
[Round "3.7"]
[White "Greger, Roland Reinhard"]
[Black "Sylvan, Jacob"]
[Result "1/2-1/2"]
[WhiteElo "2277"]
[BlackElo "2295"]
[PlyCount "64"]
[EventDate "2021.10.30"]
[EventType "team-tourn"]
[EventRounds "9"]
[EventCountry "DEN"]
[SourceTitle "Turneringssystemet"]
[WhiteTeam "Bronshoj"]
[BlackTeam "Nordkalotten"]

1. e4 c5 2. Nf3 e6 3. d3 Nc6 4. g3 g6 5. Bg2 Bg7 6. O-O Nge7 7. c3 e5 8. Nh4 d5
9. exd5 Nxd5 10. Qb3 Nde7 11. Be3 b6 12. Na3 O-O 13. f4 Qxd3 14. Rfe1 Qa6 15.
fxe5 Be6 16. Qb5 Qc8 17. Bg5 Bd5 18. Rad1 Bxg2 19. Nxg2 Qf5 20. Bxe7 Nxe7 21.
Nc4 Rad8 22. Rxd8 Rxd8 23. Nd6 Qd7 24. Qxd7 Rxd7 25. Nxf7 Rd2 26. Ng5 Rxb2 27.
Rd1 Bxe5 28. Rd7 Kf8 29. Rd8+ Kg7 30. Rd7 Kf8 31. Rd8+ Kg7 32. Rd7 Kf8 1/2-1/2

[Event "Skakligaen 2021-22"]
[Site "Denmark"]
[Date "2021.12.12"]
[Round "3.8"]
[White "Jakobsen, Peter"]
[Black "Laursen, Niels Norskov"]
[Result "1-0"]
[WhiteElo "2194"]
[BlackElo "2195"]
[PlyCount "77"]
[EventDate "2021.10.30"]
[EventType "team-tourn"]
[EventRounds "9"]
[EventCountry "DEN"]
[SourceTitle "Turneringssystemet"]
[WhiteTeam "Nordkalotten"]
[BlackTeam "Bronshoj"]

1. d4 g6 2. c4 Bg7 3. e4 c5 4. d5 d6 5. Nc3 e6 6. h3 exd5 7. cxd5 Ne7 8. Nf3
O-O 9. Bd3 a6 10. a4 h6 11. O-O Nd7 12. Re1 f5 13. exf5 Nxf5 14. Ne4 Nh4 15.
Nh2 Ne5 16. Be2 g5 17. Ra3 Nf5 18. Nf3 Ng6 19. Bf1 Bd7 20. a5 Nd4 21. Nxd4 Bxd4
22. Be3 Bxb2 23. Qh5 Be8 24. Rb3 Bg7 25. Rxb7 Ne5 26. Qd1 Bg6 27. Bd2 Nf7 28.
Rb6 Re8 29. Ng3 Be5 30. Bxa6 Rb8 31. Qb3 Qc7 32. Rb7 Rxb7 33. Qxb7 Qxb7 34.
Bxb7 Nd8 35. Bc8 Bf7 36. Nf5 Bxd5 37. Nxd6 Re7 38. Nf5 Re8 39. Bd7 1-0

[Event "Skakligaen 2021-22"]
[Site "Denmark"]
[Date "2021.12.12"]
[Round "3.1"]
[White "Thogersen, Rasmus"]
[Black "Ochsner, Bjorn Moller"]
[Result "1-0"]
[WhiteElo "2278"]
[BlackElo "2506"]
[PlyCount "81"]
[EventDate "2021.10.30"]
[EventType "team-tourn"]
[EventRounds "9"]
[EventCountry "DEN"]
[SourceTitle "Turneringssystemet"]
[WhiteTeam "SK1968"]
[BlackTeam "AarhusSkolerne"]

1. e4 c5 2. Nc3 Nc6 3. Bb5 Nd4 4. Nf3 a6 5. Bd3 Nc6 6. O-O e6 7. Re1 g5 8. Kh1
h5 9. Bf1 g4 10. Ng1 Bd6 11. d3 Qc7 12. g3 h4 13. Qxg4 hxg3 14. Nh3 gxf2 15.
Re2 Bxh2 16. Rxf2 Qg3 17. Qd1 Bg1 18. Rg2 Qxh3+ 19. Kxg1 Qh1+ 20. Kf2 Qh4+ 21.
Rg3 Nd4 22. Bg5 Qh2+ 23. Bg2 f6 24. Qd2 fxg5 25. Rh1 Qxh1 26. Bxh1 Rxh1 27.
Qxg5 Ne7 28. Qxc5 Ndc6 29. d4 b6 30. Qd6 Rh2+ 31. Kg1 Rh7 32. d5 Nd8 33. Qf4 e5
34. Qxe5 d6 35. Qxd6 Nf7 36. Qxb6 Rh6 37. Qc7 Bd7 38. Qf4 Rc8 39. e5 Ng6 40.
Qf6 Nfxe5 41. Ne4 1-0

[Event "Skakligaen 2021-22"]
[Site "Denmark"]
[Date "2021.12.12"]
[Round "3.2"]
[White "Skytte, Rasmus"]
[Black "Matthiesen, Martin"]
[Result "1/2-1/2"]
[WhiteElo "2378"]
[BlackElo "2325"]
[PlyCount "45"]
[EventDate "2021.10.30"]
[EventType "team-tourn"]
[EventRounds "9"]
[EventCountry "DEN"]
[SourceTitle "Turneringssystemet"]
[WhiteTeam "AarhusSkolerne"]
[BlackTeam "SK1968"]

1. e4 e5 2. Nf3 Nc6 3. Bb5 a6 4. Ba4 Nf6 5. O-O Be7 6. Re1 b5 7. Bb3 d6 8. c3
O-O 9. h3 Bb7 10. d4 Re8 11. Nbd2 Bf8 12. Bc2 g6 13. d5 Nb8 14. a4 Nbd7 15. b4
c6 16. c4 Qc7 17. dxc6 Bxc6 18. Bd3 bxc4 19. Bxc4 d5 20. exd5 Bxd5 21. Bxd5
Nxd5 22. Ne4 N5f6 23. Nxf6+ 1/2-1/2

[Event "Skakligaen 2021-22"]
[Site "Denmark"]
[Date "2021.12.12"]
[Round "3.3"]
[White "Bank, Pelle Rodkjaer"]
[Black "Sorensen, Jan"]
[Result "0-1"]
[WhiteElo "2322"]
[BlackElo "2369"]
[PlyCount "74"]
[EventDate "2021.10.30"]
[EventType "team-tourn"]
[EventRounds "9"]
[EventCountry "DEN"]
[SourceTitle "Turneringssystemet"]
[WhiteTeam "SK1968"]
[BlackTeam "AarhusSkolerne"]

1. e4 e6 2. d4 d5 3. e5 c5 4. c3 Nc6 5. Nf3 Nge7 6. Bd3 cxd4 7. cxd4 Nf5 8.
Bxf5 exf5 9. O-O Be6 10. Nc3 Be7 11. Na4 b6 12. Ne1 Rc8 13. Kh1 Qd7 14. b3 O-O
15. f4 b5 16. Nb2 f6 17. exf6 Bxf6 18. Nf3 Qb7 19. Be3 Qb6 20. Qd2 Na5 21. Nd3
Nb7 22. a4 bxa4 23. Rxa4 Nd6 24. Nc5 Ne4 25. Qd3 a5 26. b4 Rfe8 27. bxa5 Qc6
28. Raa1 Nxc5 29. dxc5 Bxa1 30. Rxa1 d4 31. Bxd4 Red8 32. Qc3 Rc7 33. Rb1 Bd5
34. Ne5 Qa4 35. Qb4 Qc2 36. Qb2 Qe4 37. Nf3 Rb7 0-1

[Event "Skakligaen 2021-22"]
[Site "Denmark"]
[Date "2021.12.12"]
[Round "3.4"]
[White "Vinter Schou, Uffe"]
[Black "Matthiesen, Arne"]
[Result "1-0"]
[WhiteElo "2297"]
[BlackElo "2312"]
[PlyCount "99"]
[EventDate "2021.10.30"]
[EventType "team-tourn"]
[EventRounds "9"]
[EventCountry "DEN"]
[SourceTitle "Turneringssystemet"]
[WhiteTeam "AarhusSkolerne"]
[BlackTeam "SK1968"]

1. c4 e6 2. Nf3 Nf6 3. Nc3 d5 4. e3 dxc4 5. Bxc4 a6 6. a4 b6 7. O-O Bb7 8. Qe2
c5 9. Rd1 Nbd7 10. d4 Qc7 11. e4 cxd4 12. Nxd4 Bc5 13. Bg5 h6 14. Bh4 Qf4 15.
Bg3 Qg4 16. f3 Qg5 17. f4 Qh5 18. Qe1 O-O 19. Kh1 Rfe8 20. e5 Nd5 21. Nxd5 Bxd5
22. Bxd5 exd5 23. Nf3 Nf6 24. b4 Bf8 25. Bf2 Qg4 26. Be3 Nh5 27. Rd4 a5 28. h3
Qe6 29. bxa5 Bc5 30. axb6 Bxd4 31. Bxd4 Nxf4 32. a5 Qc8 33. Qd2 Ne6 34. Bg1 Qb7
35. Nh4 d4 36. Nf5 Red8 37. Nd6 Qd5 38. b7 Ra6 39. Qb4 Rb8 40. Rc1 Nf4 41. Rc8+
Kh7 42. Qd2 Rxb7 43. Qxf4 Rb2 44. Bf2 Rxd6 45. exd6 d3 46. Rc1 Ra2 47. Rd1 Rxa5
48. Bg3 f5 49. Qe3 Ra2 50. Qf3 1-0

[Event "Skakligaen 2021-22"]
[Site "Denmark"]
[Date "2021.12.12"]
[Round "3.5"]
[White "Rewitz, Poul"]
[Black "Pedersen, Finn"]
[Result "1-0"]
[WhiteElo "2264"]
[BlackElo "2294"]
[PlyCount "85"]
[EventDate "2021.10.30"]
[EventType "team-tourn"]
[EventRounds "9"]
[EventCountry "DEN"]
[SourceTitle "Turneringssystemet"]
[WhiteTeam "SK1968"]
[BlackTeam "AarhusSkolerne"]

1. b4 c6 2. Bb2 a5 3. b5 cxb5 4. e4 b4 5. a3 bxa3 6. Nxa3 d5 7. exd5 Qxd5 8.
Nb5 Qd8 9. Qf3 Nf6 10. Bc4 e6 11. Bxf6 gxf6 12. Qg3 e5 13. Ne2 Be6 14. Bxe6
fxe6 15. O-O Kf7 16. d4 Qd7 17. Rfb1 Nc6 18. Qh4 Be7 19. Qh5+ Kg7 20. Rb3 Rag8
21. dxe5 Nxe5 22. Nbd4 Ng6 23. Rd3 Qd5 24. Qxd5 exd5 25. Nf5+ Kf7 26. Nh6+ Ke6
27. Nd4+ Kd7 28. Nxg8 Rxg8 29. Rxa5 Bd6 30. g3 Ne7 31. Rb5 Rb8 32. Rb1 Bc5 33.
Kg2 b6 34. h4 Ra8 35. Nb3 Ra2 36. Nxc5+ bxc5 37. Rb7+ Kd6 38. c3 Nc6 39. Rf3
Ke5 40. Rxh7 d4 41. Rh5+ Ke6 42. Rxc5 Ne5 43. cxd4 1-0

[Event "Skakligaen 2021-22"]
[Site "Denmark"]
[Date "2021.12.12"]
[Round "3.7"]
[White "Lindfeldt, Magnus"]
[Black "Ochsner, Thomas"]
[Result "0-1"]
[WhiteElo "2272"]
[BlackElo "2260"]
[PlyCount "78"]
[EventDate "2021.10.30"]
[EventType "team-tourn"]
[EventRounds "9"]
[EventCountry "DEN"]
[SourceTitle "Turneringssystemet"]
[WhiteTeam "SK1968"]
[BlackTeam "AarhusSkolerne"]

1. e4 e5 2. Nf3 Nc6 3. Bb5 Nf6 4. d3 d6 5. c3 g6 6. d4 Bd7 7. O-O Bg7 8. Re1
O-O 9. d5 Ne7 10. Bxd7 Qxd7 11. c4 h6 12. Nc3 Kh7 13. a4 a5 14. c5 Ne8 15. cxd6
Nxd6 16. Rb1 Rae8 17. b4 axb4 18. Rxb4 f5 19. exf5 Nexf5 20. Nd2 Nd4 21. f3 c5
22. Rb1 Bf6 23. Nde4 Bh4 24. Nxd6 Bxe1 25. Nce4 Bb4 26. Nxe8 Qxe8 27. Rxb4 cxb4
28. Qd2 g5 29. Bb2 Qxa4 30. Bxd4 exd4 31. Qd3 Qa1+ 32. Kf2 Kh8 33. Qb5 Qb2+ 34.
Kg3 d3 35. d6 Qd4 36. Qxb7 d2 37. Qe7 Kg8 38. Qe6+ Kg7 39. Nxd2 Qh4# 0-1

[Event "Skakligaen 2021-22"]
[Site "Denmark"]
[Date "2021.12.12"]
[Round "3.8"]
[White "Rendboe, John Filip"]
[Black "Hansen, Lars"]
[Result "1/2-1/2"]
[WhiteElo "2186"]
[BlackElo "2188"]
[PlyCount "49"]
[EventDate "2021.10.30"]
[EventType "team-tourn"]
[EventRounds "9"]
[EventCountry "DEN"]
[SourceTitle "Turneringssystemet"]
[WhiteTeam "AarhusSkolerne"]
[BlackTeam "SK1968"]

1. d4 e6 2. Nf3 Nf6 3. g3 b6 4. Bg2 Bb7 5. O-O Be7 6. c4 O-O 7. Nc3 Ne4 8. Nxe4
Bxe4 9. Ne1 Bxg2 10. Nxg2 d5 11. Qc2 dxc4 12. Qxc4 c5 13. dxc5 Bxc5 14. Be3 Nd7
15. Rfd1 Qe7 16. Rac1 Rfd8 17. Bxc5 Nxc5 18. Ne3 Rxd1+ 19. Rxd1 Rd8 20. Rxd8+
Qxd8 21. b4 Nd7 22. a4 h6 23. Qc6 Nf6 24. Qb7 Qd7 25. Qxd7 1/2-1/2

[Event "Skakligaen 2021-22"]
[Site "Denmark"]
[Date "2021.12.12"]
[Round "3.1"]
[White "Nielsen, Viktor Haarmark"]
[Black "Andersen, Mads"]
[Result "1/2-1/2"]
[WhiteElo "2296"]
[BlackElo "2572"]
[PlyCount "59"]
[EventDate "2021.10.30"]
[EventType "team-tourn"]
[EventRounds "9"]
[EventCountry "DEN"]
[SourceTitle "Viktor Haarmark Nielsen"]
[WhiteTeam "Obro"]
[BlackTeam "Skanderborg"]

1. e4 e5 2. Nf3 Nc6 3. Bb5 Nge7 4. Nc3 Ng6 5. d4 Nxd4 6. Nxd4 exd4 7. Qxd4 c6
8. Be2 Qb6 9. Qd3 Be7 10. O-O O-O 11. a3 d6 12. Be3 Qc7 13. Rad1 b5 14. f4 a5
15. f5 Ne5 16. Qd2 b4 17. Nb1 Rb8 18. a4 c5 19. Qe1 Qc6 20. Nd2 Qxa4 21. f6
gxf6 22. b3 Qa2 23. Bh6 Qxc2 24. Qg3+ Ng6 25. h4 Qc3 26. Rf3 Qe5 27. Rf4 Qc3
28. Rf3 Qe5 29. Rf4 Qc3 30. Rf3 1/2-1/2

[Event "Skakligaen 2021-22"]
[Site "Denmark"]
[Date "2021.12.12"]
[Round "3.2"]
[White "Boe Olsen, Filip"]
[Black "Rasmussen, Casper Dahl"]
[Result "1-0"]
[WhiteElo "2357"]
[BlackElo "2289"]
[PlyCount "81"]
[EventDate "2021.10.30"]
[EventType "team-tourn"]
[EventRounds "9"]
[EventCountry "DEN"]
[SourceTitle "Filip Boe Olsen"]
[WhiteTeam "Skanderborg"]
[BlackTeam "Obro"]

1. d4 Nf6 2. c4 c5 3. d5 e5 4. Nc3 d6 5. e4 g6 6. g3 Bg7 7. Bg2 O-O 8. Nf3 a6
9. a4 Nbd7 10. O-O b5 11. axb5 Nb6 12. Qe2 Nxc4 13. bxa6 Na5 14. Qb5 Rxa6 15.
Bd2 Ra8 16. Ra3 Bd7 17. Qe2 Nb7 18. Rfa1 Rxa3 19. Rxa3 Qb6 20. Qa6 Qxa6 21.
Rxa6 Rc8 22. Bf1 c4 23. Bg5 Ne8 24. Nd2 Nc5 25. Ra7 f5 26. Nxc4 Rc7 27. Rxc7
Nxc7 28. Nxd6 Nxe4 29. Ndxe4 fxe4 30. Bc4 Bf8 31. Nxe4 Ne8 32. Nf6+ Nxf6 33.
Bxf6 Bd6 34. Bd8 Kf7 35. Ba5 Kf6 36. b4 Kf5 37. b5 Ke4 38. Bb6 Bh3 39. Be3 Kf3
40. b6 Bc8 41. Bb5 1-0

[Event "Skakligaen 2021-22"]
[Site "Denmark"]
[Date "2021.12.12"]
[Round "3.3"]
[White "Hansen, Soren Bech"]
[Black "Andersen, Jackie"]
[Result "1/2-1/2"]
[WhiteElo "2296"]
[BlackElo "2398"]
[PlyCount "62"]
[EventDate "2021.10.30"]
[EventType "team-tourn"]
[EventRounds "9"]
[EventCountry "DEN"]
[SourceTitle "Soren Bech Hansen"]
[WhiteTeam "Obro"]
[BlackTeam "Skanderborg"]

1. e4 g6 2. d4 Bg7 3. Nf3 c6 4. Nc3 d6 5. a4 Nd7 6. Bc4 e6 7. O-O Ne7 8. Re1
O-O 9. a5 h6 10. Bf4 b5 11. axb6 Nxb6 12. Bb3 Kh7 13. e5 d5 14. Na4 Nxa4 15.
Rxa4 Bd7 16. Ra3 Qb6 17. Qd2 Rfb8 18. Rea1 Bf8 19. h4 a6 20. Qd3 c5 21. dxc5
Qxc5 22. Qd2 Qb6 23. Be3 Qb7 24. Bc5 Bb5 25. Nd4 Nf5 26. Bxf8 Rxf8 27. Nxb5
axb5 28. Qf4 Rxa3 29. Rxa3 Qc7 30. Ra6 Qc5 31. c3 d4 1/2-1/2

[Event "Skakligaen 2021-22"]
[Site "Denmark"]
[Date "2021.12.12"]
[Round "3.4"]
[White "Pedersen, Nicolai Vesterbaek"]
[Black "Larsen, Karsten"]
[Result "1-0"]
[WhiteElo "2365"]
[BlackElo "2252"]
[PlyCount "67"]
[EventDate "2021.10.30"]
[EventType "team-tourn"]
[EventRounds "9"]
[EventCountry "DEN"]
[SourceTitle "Nicolai V Pedersen"]
[WhiteTeam "Skanderborg"]
[BlackTeam "Obro"]

1. d4 d5 2. c4 e6 3. Nc3 Bb4 4. cxd5 exd5 5. Nf3 Nf6 6. Qa4+ Nc6 7. e3 O-O 8.
Bb5 Bd7 9. Bxc6 Bxc3+ 10. bxc3 Bxc6 11. Qb3 Re8 12. Ne5 Re6 13. O-O Ne4 14. f3
Nd6 15. e4 Nc8 16. exd5 Qxd5 17. Qxd5 Bxd5 18. c4 Rxe5 19. dxe5 Bxc4 20. Rd1
Nb6 21. Bg5 Bd5 22. f4 c6 23. Rdb1 Kf8 24. a4 Rb8 25. Rb4 Nd7 26. a5 f6 27. Bh4
Kf7 28. exf6 gxf6 29. f5 c5 30. Rb2 Bc6 31. Rd1 Ne5 32. Rd6 Nc4 33. Rxf6+ Kg8
34. Rb3 1-0

[Event "Skakligaen 2021-22"]
[Site "Denmark"]
[Date "2021.12.12"]
[Round "3.5"]
[White "Jorgensen, Brian Jorgen"]
[Black "Brondt, Nicolai Kvist"]
[Result "0-1"]
[WhiteElo "2230"]
[BlackElo "2217"]
[PlyCount "108"]
[EventDate "2021.10.30"]
[EventType "team-tourn"]
[EventRounds "9"]
[EventCountry "DEN"]
[SourceTitle "Nicolai Brondt"]
[WhiteTeam "Obro"]
[BlackTeam "Skanderborg"]

1. e4 c5 2. Nc3 e6 3. Nf3 Nc6 4. Bb5 Nd4 5. O-O Ne7 6. Re1 a6 7. Bf1 b5 8. a4
b4 9. Nxd4 cxd4 10. Ne2 Nc6 11. Nf4 Bb7 12. b3 Be7 13. Bb2 O-O 14. g3 Bg5 15.
Nh3 Bf6 16. f4 d3 17. e5 dxc2 18. Qxc2 Qb6+ 19. Nf2 Be7 20. Bg2 Rac8 21. Qd1
Na5 22. Bxb7 Qxb7 23. d4 Rc7 24. Rc1 Rfc8 25. Nd3 Rxc1 26. Nxc1 Qc6 27. Kf2 h5
28. h3 Qc2+ 29. Qxc2 Rxc2+ 30. Re2 Rxe2+ 31. Kxe2 g5 32. fxg5 Bxg5 33. Nd3 Be7
34. h4 Kh7 35. Nf4 Nxb3 36. Nxh5 Kg6 37. Nf4+ Kf5 38. Nd3 Kg4 39. Kd1 Na5 40.
Bc1 Bf8 41. Bd2 Nc6 42. a5 b3 43. Bc3 Kxg3 44. h5 Kg4 45. h6 Bxh6 46. Nc5 Be3
47. Nxb3 Kf3 48. Kc2 Ke4 49. Nc5+ Kd5 50. Nxa6 Bxd4 51. Nc7+ Kxe5 52. Be1 Kd6
53. Nb5+ Kc5 54. Na3 Nb4+ 0-1

[Event "Skakligaen 2021-22"]
[Site "Denmark"]
[Date "2021.12.12"]
[Round "3.6"]
[White "Berg, Klaus"]
[Black "Simonsen, Carsten"]
[Result "1/2-1/2"]
[WhiteElo "2287"]
[BlackElo "2218"]
[PlyCount "60"]
[EventDate "2021.10.30"]
[EventType "team-tourn"]
[EventRounds "9"]
[EventCountry "DEN"]
[SourceTitle "Klaus Berg"]
[WhiteTeam "Skanderborg"]
[BlackTeam "Obro"]

1. c4 e6 2. Nc3 d5 3. e3 Nf6 4. Nf3 Be7 5. d4 O-O 6. Bd3 a6 7. O-O dxc4 8. Bxc4
b5 9. Bd3 Bb7 10. a3 c5 11. dxc5 Bxc5 12. b4 Be7 13. Bb2 Nbd7 14. Qe2 Bxf3 15.
gxf3 Ne5 16. Rfd1 Nxd3 17. Rxd3 Qb6 18. Rad1 Rad8 19. Rxd8 Rxd8 20. Rxd8+ Qxd8
21. a4 Bxb4 22. axb5 axb5 23. Qxb5 Bxc3 24. Bxc3 Nd5 25. Be5 f6 26. Qb8 Qxb8
27. Bxb8 Kf7 28. f4 Kg6 29. Kg2 Kh5 30. Bd6 h6 1/2-1/2

[Event "Skakligaen 2021-22"]
[Site "Denmark"]
[Date "2021.12.12"]
[Round "3.7"]
[White "Kakulidis, Ellen"]
[Black "Bjerre, Tavs"]
[Result "1/2-1/2"]
[WhiteElo "2054"]
[BlackElo "1996"]
[PlyCount "28"]
[EventDate "2021.10.30"]
[EventType "team-tourn"]
[EventRounds "9"]
[EventCountry "DEN"]
[SourceTitle "Ellen Kakulidis"]
[WhiteTeam "Obro"]
[BlackTeam "Skanderborg"]

1. d4 Nf6 2. g3 g6 3. Bg2 d5 4. Nf3 Bg7 5. O-O O-O 6. Nbd2 Nbd7 7. c4 c6 8. b3
Ne4 9. Bb2 Ndf6 10. e3 Qa5 11. Qe1 Qa6 12. Nxe4 Nxe4 13. cxd5 cxd5 14. Qb4 Bf6
1/2-1/2

[Event "Skakligaen 2021-22"]
[Site "Denmark"]
[Date "2021.12.12"]
[Round "3.8"]
[White "Larsen, Jonas Chul Bistrup"]
[Black "Skou, Niels"]
[Result "0-1"]
[WhiteElo "1802"]
[BlackElo "2045"]
[PlyCount "138"]
[EventDate "2021.10.30"]
[EventType "team-tourn"]
[EventRounds "9"]
[EventCountry "DEN"]
[SourceTitle "Martin Noer"]
[WhiteTeam "Skanderborg"]
[BlackTeam "Obro"]

1. d4 d5 2. c4 e6 3. Nc3 Nf6 4. Nf3 Be7 5. Bf4 O-O 6. e3 b6 7. cxd5 Nxd5 8. Bg3
Bb7 9. Be2 Nd7 10. O-O c5 11. e4 Nxc3 12. bxc3 Bxe4 13. Re1 Bb7 14. Qa4 Qc8 15.
Rad1 Rd8 16. Bc4 Nf6 17. Qb3 Nd5 18. Bd3 cxd4 19. cxd4 Qc3 20. Qb1 g6 21. Be4
Bf6 22. Rd3 Qb4 23. Qc1 Rac8 24. Qh6 Bg7 25. Qh4 f5 26. Bxd5 Bxd5 27. Red1 Qf8
28. Be5 Bxf3 29. Bxg7 Kxg7 30. gxf3 Rd5 31. Re1 Qd6 32. Rde3 Re8 33. Rd1 h6 34.
Rc3 Qe7 35. Qg3 Red8 36. Rc7 R8d7 37. Rdc1 Qg5 38. R1c4 f4 39. Rxd7+ Rxd7 40.
Qg4 Kf6 41. h4 Qxg4+ 42. fxg4 Rd5 43. a4 Ke7 44. Kg2 g5 45. h5 Rd7 46. Kf3 a6
47. Ke4 b5 48. axb5 axb5 49. Rc1 b4 50. Rb1 Rb7 51. Kd3 Kd6 52. Kc4 Rb6 53. Rb3
Rc6+ 54. Kd3 Rb6 55. Ke4 Kc6 56. Kd3 Kb5 57. Rb1 Rd6 58. Rc1 Ka4 59. Rb1 e5 60.
Ra1+ Kb3 61. d5 Rxd5+ 62. Ke4 Rb5 63. Ra6 Kc3 64. Rxh6 b3 65. Rc6+ Kd2 66. Rd6+
Ke2 67. Rc6 Kxf2 68. Kf5 b2 69. Rc2+ Kg3 0-1